Logo BPK

Biblioteka

Politechniki Koszalińskiej

Zarys kartografii i topografii : (Rekord nr 19209)

Szczegóły MARC
000 -ETYKIETA REKORDU
podpole kontrolne o stałej długości 00421nam a2200157 i 4500
001 - NUMER KONTROLNY REKORDU
pole kontrolne bg
040 ## - ŹRÓDŁO KATALOGOWANIA
Instytucja, która utworzyła rekord BPK
041 ## - KOD JĘZYKA
Kod języka tekstu pol
008 - POLE O STAŁEJ DŁUGOŚCI - DANE KONTROLNE
podpole kontrolne o stałej długości s pl f |000 0 pol
100 1# - NAZWA OSOBOWA
Nazwa osobowa PELCZAR, M.
245 #0 - TYTUŁ/ODPOWIEDZIALNOŚĆ
Tytuł Zarys kartografii i topografii :
Ciąg dalszy tytułu Przewodnik do ćwiczeń /
Pozostałe elementy strefy tytułu i oznaczenia odpowiedzialności M. Pelczar, J. Szeliga, J. Ziółkowski.
260 ## - STREFA ADRESU WYDAWNICZEGO
Miejsce wydania Gdańsk,
Data publikacji, dystrybucji/powstania dokumentu 1978.
700 1# - HASŁO DODATKOWE - NAZWA OSOBOWA
Nazwa osobowa SZELIGA, J.
700 1# - HASŁO DODATKOWE - NAZWA OSOBOWA
Nazwa osobowa ZIÓŁKOWSKI, J.
856 ## - LOKALIZACJA I DOSTĘP DO ELEKTRONICZNYCH DOKUMENTÓW ZDALNYCH
Link (URL) http://koha.tu.koszalin.pl/cgi-bin/koha/opac-detail.pl?biblionumber=19209
Tekst linku Katalog online BPK
942 ## - DODATKOWE ELEMENTY (KOHA)
Typ dokumentu Książka
Egzemplarze
Wycofany Status egzemplarza Uszkodzony Dostępność Lokalizacja stała Lokalizacja bieżąca Miejsce przechowywania Sygnatura Kod kreskowy Typ dokumentu
      Dostępny Biblioteka Politechniki Koszalińskiej Biblioteka Politechniki Koszalińskiej Wypożyczalnia BG 26983 01016772 Książka
© 2023 Biblioteka Politechniki Koszalińskiej :: KOHA